书目信息 |
| 题名: |
弹尤克里里
|
|
| 作者: | 费志虹 , 赵一民 编著 | |
| 分册: | ||
| 出版信息: | 上海 上海音乐出版社 2019.1 |
|
| 页数: | 326页 | |
| 开本: | 29cm | |
| 丛书名: | ||
| 单 册: | ||
| 中图分类: | J623.96 , J642.1 | |
| 科图分类: | ||
| 主题词: | 尤克利利--奏法 , 流行歌曲--中国--现代--选集 | |
| 电子资源: | ||
| ISBN: | 978-7-5523-1673-5 | |
| 000 | 01150nam0 2200301 45 | |
| 001 | 012001001548 | |
| 005 | 20130912155200.0 | |
| 010 | @a978-7-5523-1673-5@dCNY78.00 | |
| 099 | @aCAL 012019060178 | |
| 100 | @a20190302d2019 em y0chiy0110 ea | |
| 101 | 0 | @achi |
| 102 | @aCN@b310000 | |
| 105 | @aag z 000yy | |
| 106 | @ar | |
| 200 | 1 | @a弹尤克里里@Atan you ke li li@e精选网络流行流行歌曲宝典@f费志虹, 赵一民编著 |
| 210 | @a上海@c上海音乐出版社@d2019.1 | |
| 215 | @a326页@c图, 乐谱@d29cm | |
| 300 | @a其他题名:精选网络流行歌曲宝典 | |
| 330 | @a本书非常适合喜好尤克里里的读者, 一共包含两个部分, 第一部分简单扼要的按照学习的进度进行编写, 从最简单的乐理知识入手到如何持琴和弹拨以及调弦演奏, 会让您迅速地学习和掌握尤克里里的演奏和弹唱。第二部分收集了了时下最脍炙人口的100多首歌曲, 歌曲类型包含儿歌, 民谣, 网络流行, 经典等等。 | |
| 517 | 1 | @a精选网络流行歌曲宝典 |
| 606 | 0 | @a尤克利利@x奏法 |
| 606 | 0 | @a流行歌曲@y中国@z现代@j选集 |
| 690 | @aJ623.96@v5 | |
| 690 | @aJ642.1@v5 | |
| 701 | 0 | @a费志虹@Afei zhi hong@4编著 |
| 701 | 0 | @a赵一民@Azhao yi min@4编著 |
| 801 | @aCN@b江苏凤凰@c20211018 | |
| 905 | @b1343933-6@dJ623.96@e541@f4 | |
| 弹尤克里里:精选网络流行流行歌曲宝典/费志虹, 赵一民编著.-上海:上海音乐出版社,2019.1 |
| 326页:图, 乐谱;29cm |
| 其他题名:精选网络流行歌曲宝典 |
| ISBN 978-7-5523-1673-5:CNY78.00 |
| 本书非常适合喜好尤克里里的读者, 一共包含两个部分, 第一部分简单扼要的按照学习的进度进行编写, 从最简单的乐理知识入手到如何持琴和弹拨以及调弦演奏, 会让您迅速地学习和掌握尤克里里的演奏和弹唱。第二部分收集了了时下最脍炙人口的100多首歌曲, 歌曲类型包含儿歌, 民谣, 网络流行, 经典等等。 |
| ● |
| 相关链接 |
|
|
|
|
正题名:弹尤克里里
索取号:J623.96/541
 
预约/预借
| 序号 | 登录号 | 条形码 | 馆藏地/架位号 | 状态 | 备注 |
| 1 | 1343933 | 213439331 | 第一样本阅览室/ [索取号:J623.96/541] | 在馆 | |
| 2 | 1343934 | 213439340 | 第一借阅区/ [索取号:J623.96/541] | 在馆 | |
| 3 | 1343935 | 213439359 | 第一借阅区/ [索取号:J623.96/541] | 在馆 | |
| 4 | 1343936 | 213439368 | 第一借阅区/ [索取号:J623.96/541] | 在馆 |